| 000 | 00602nam a22001697a 4500 | ||
|---|---|---|---|
| 999 |
_c166960 _d166960 |
||
| 010 | _aENG-126187 | ||
| 020 |
_a978-93-8472-681-2 _c1195.00 |
||
| 035 | _aEN-109719 | ||
| 037 | _bDBAD/PUB | ||
| 082 | _a621.3805 | ||
| 100 | _aBasu, Prabir K. | ||
| 245 |
_aElectromagnetic Theory/ _cby Prabir K. Basu[and]Hrishikesh Dhasmana |
||
| 260 |
_aNew Delhi _bAne Books Pvt.Ltd. _c2017 |
||
| 270 |
_a4821,Parwana Bhawan 1st Floor 24 Ansari Road, Darya Ganj _bNew Delhi _e110002 _k+91(011)23276843,2814209 _manebookschennai.com |
||
| 300 |
_a224p. _b24cm(hb) |
||
| 942 |
_2ddc _cEN _h621.3805 _mBAS |
||